000 00654nam a22002177a 4500
003 UA-OsUOA
001 130409
007 ta
008 20180423b un ||||| |||| 00| 0 ukr d
100 _aРассамакін Ю. Я.
090 _a902
_bР24
942 _cSA
040 _aUA-OsUOA
_bukr
_cUA-OsUOA
_dUA-OsUOA
245 _aГрунтовий могильник на о. Виноградному: сучасний стан вивчення
300 _aС.18-37
955 _a0
041 _aukr
080 _a902
773 0 _w130408
_tАрхеологія
_dК.
_d2018
_g1
650 7 _a9 Географія. Біографії. Історія
_2UDC
999 _c418439
_d418439